书目信息 |
| 题名: |
当代运动与艺术潮流
|
|
| 作者: | 赵喜 编著 | |
| 分册: | 电子琴卷 | |
| 出版信息: | 长春 吉林出版集团有限责任公司 2020.5 |
|
| 页数: | 216页 | |
| 开本: | 23cm | |
| 丛书名: | ||
| 单 册: | ||
| 中图分类: | G , J628.1 | |
| 科图分类: | ||
| 主题词: | 器乐--通俗读物--理论 , 电子琴--基本知识 , 器乐--奏法 , 器乐--演奏 | |
| 电子资源: | ||
| ISBN: | 978-7-5534-6873-0 | |
| 000 | 00895nam0 2200277 45 | |
| 001 | 012001000695 | |
| 005 | 20211111165136.04 | |
| 010 | @a978-7-5534-6873-0@dCNY28.00 | |
| 100 | @a20160202d2015 em y0chiy0110 ea | |
| 101 | 0 | @achi |
| 102 | @aCN@b220000 | |
| 105 | @aa z 000yy | |
| 106 | @ar | |
| 200 | 1 | @a当代运动与艺术潮流@Adang dai yun dong yu yi shu chao liu@i电子琴卷@f赵喜编著 |
| 210 | @a长春@c吉林出版集团有限责任公司@d2020.5 | |
| 215 | @a216页@c图@d23cm | |
| 330 | @a本书介绍电子琴基本知识,内容包括电子琴概述、电子琴演奏常识、电子琴乐理知识、电子琴基本功、音乐情感、电子琴弹奏基本技巧、跳音弹奏技巧等。 | |
| 606 | 0 | @a器乐@j通俗读物@x理论 |
| 606 | 0 | @a电子琴@x基本知识 |
| 606 | 0 | @a器乐@x奏法 |
| 606 | 0 | @a器乐@x演奏 |
| 690 | @aG@v5 | |
| 690 | @aJ628.1@v3 | |
| 701 | 0 | @a赵喜@Azhao xi@4编著 |
| 801 | @aCN@b江苏凤凰@c20211018 | |
| 905 | @b1340668-71@dJ628.1@e578@f4 | |
| 当代运动与艺术潮流.电子琴卷/赵喜编著.-长春:吉林出版集团有限责任公司,2020.5 |
| 216页:图;23cm |
| ISBN 978-7-5534-6873-0:CNY28.00 |
| 本书介绍电子琴基本知识,内容包括电子琴概述、电子琴演奏常识、电子琴乐理知识、电子琴基本功、音乐情感、电子琴弹奏基本技巧、跳音弹奏技巧等。 |
| ● |
| 相关链接 |
|
|
|
|
正题名:当代运动与艺术潮流
索取号:J628.1/578
 
预约/预借
| 序号 | 登录号 | 条形码 | 馆藏地/架位号 | 状态 | 备注 |
| 1 | 1340668 | 213406688 | 第一样本阅览室/ [索取号:J628.1/578] | 在馆 | |
| 2 | 1340669 | 213406697 | 第四借阅区/ [索取号:J628.1/578] | 在馆 | |
| 3 | 1340670 | 213406704 | 第四借阅区/ [索取号:J628.1/578] | 在馆 | |
| 4 | 1340671 | 213406713 | 第四借阅区/ [索取号:J628.1/578] | 在馆 |